• 首页
  • 本馆介绍
  • 公告通知
  • 最新文献
  • 馆藏检索
  • 电子资源
  • 读者导购
  • 参考咨询
  • 我的图书馆
  • 登录
  • 详细信息显示
  • 放入我的书架
  • 预约/预借图书
  • 作者相关作品
  • 分类相关作品
  • 丛书相关作品
  • 出版社相关作品

书目信息

  • 表格格式
  • 工作单格式
  • 卡片格式
题名:
初中英语教案
    
 
作者: 崔君方 编著
分册: 初一年级  
出版信息: 北京   北京师范大学出版社  1999.09
页数: 156页
开本: 26cm
丛书名: 课堂教学设计丛书
单 册:
中图分类: G633.41
科图分类:
主题词: 教育--各级
电子资源:
ISBN: 7-303-02483-2
000 00683nam0 2200229 45
001 0405061649
005 20040506165010.3
010    @a7-303-02483-2@dCNY15.00
100    @a20040506d1999 km y0chiy0120 ea
101 0  @achi
105    @a z 000yy
200 1  @a初中英语教案@h初一年级@AChu Zhong Ying Yu Jiao An@f崔君方编著@FCui Jun Fang Bian Zhu
210    @a北京@c北京师范大学出版社@d1999.09
215    @a156页@d26cm
225    @a课堂教学设计丛书
300    @a根据最新版九年义务教育教材编写
410    @12001 @a课堂教学设计丛书
606 0  @a教育@x各级
690    @aG633.41@v3
701  0 @a崔君方@4编著
801    @aCN@bPftUser@c20040506
905    @f1@b287047@dG633.41@e104:1
    
    初中英语教案.初一年级/崔君方编著.-北京:北京师范大学出版社,1999.09
    156页;26cm.-(课堂教学设计丛书)
    根据最新版九年义务教育教材编写
    
    ISBN 7-303-02483-2:CNY15.00
    
●
相关链接 在E读中查询图书 在五车中查询图书 在当当中查询图书 在豆瓣中查询图书


正题名:初中英语教案     索取号:G633.41/104:1         预约/预借

序号 登录号 条形码 馆藏地/架位号 状态 备注
1 0187034   002870343   第四借阅区/ [索取号:G633.41/104:1] 在馆    
2 0287033   002870334   第四借阅区/ [索取号:G633.41/104:1] 在馆    
3 0287035   002870352   第四借阅区/ [索取号:G633.41/104:1] 在馆    
4 0287036   002870361   第四借阅区/ [索取号:G633.41/104:1] 在馆    
5 0287037   002870370   第四借阅区/ [索取号:G633.41/104:1] 在馆    
6 0287038   002870389   第四借阅区/ [索取号:G633.41/104:1] 在馆    
7 0287039   002870398   第四借阅区/ [索取号:G633.41/104:1] 在馆    
8 0287040   002870405   第四借阅区/ [索取号:G633.41/104:1] 在馆    
9 0287041   002870414   第四借阅区/ [索取号:G633.41/104:1] 在馆    
10 0287042   002870423   第四借阅区/ [索取号:G633.41/104:1] 在馆    
11 0287043   002870432   第四借阅区/ [索取号:G633.41/104:1] 在馆    
12 0287044   002870441   第四借阅区/ [索取号:G633.41/104:1] 在馆    
13 0287045   002870450   第四借阅区/ [索取号:G633.41/104:1] 在馆    
14 0287046   002870469   第四借阅区/ [索取号:G633.41/104:1] 在馆    
15 0287047   002870478   第四借阅区/ [索取号:G633.41/104:1] 在馆    
16 0287048   002870487   第四借阅区/ [索取号:G633.41/104:1] 在馆    
17 0287049   002870496   第四借阅区/ [索取号:G633.41/104:1] 在馆    
18 0287050   002870502   第四借阅区/ [索取号:G633.41/104:1] 在馆    
19 0287051   002870511   第四借阅区/ [索取号:G633.41/104:1] 在馆    
20 0287052   002870520   第一样本阅览室/ [索取号:G633.41/104:1] 在馆    
唐山师范学院图书馆 欢迎您!
大连网信软件有限公司© 版权所有